LIBRARY ONLINE CATALOGUE

Statistics for the social sciences / (Record no. 3515)

MARC details
000 -LEADER
fixed length control field 00639nam a22002172 4500
001 - CONTROL NUMBER
control field 0000011957
005 - DATE AND TIME OF LATEST TRANSACTION
control field 20151217145853.0
008 - FIXED-LENGTH DATA ELEMENTS--GENERAL INFORMATION
fixed length control field 090122s xx 000 0 eng d
020 ## - INTERNATIONAL STANDARD BOOK NUMBER
International Standard Book Number 141290546x :
040 ## - CATALOGING SOURCE
Original cataloging agency KABU
Transcribing agency KABU
100 1# - MAIN ENTRY--PERSONAL NAME
Personal name Sirkin, R. Mark.
-- 0000168060
245 10 - TITLE STATEMENT
Title Statistics for the social sciences /
Statement of responsibility, etc. R. Mark Sirkin.
250 ## - EDITION STATEMENT
Edition statement 3rd ed.
260 ## - PUBLICATION, DISTRIBUTION, ETC. (IMPRINT)
Place of publication, distribution, etc. London :
Name of publisher, distributor, etc. Sage,
Date of publication, distribution, etc. 2006.
300 ## - PHYSICAL DESCRIPTION
Extent xxii, 610 p.
650 #0 - SUBJECT ADDED ENTRY--TOPICAL TERM
Topical term or geographic name as entry element Social sciences
General subdivision Statistical methods.
-- 0000148274
650 #0 - SUBJECT ADDED ENTRY--TOPICAL TERM
Topical term or geographic name as entry element Statistics.
-- 0000149871
852 1# - LOCATION
-- p4150 KES
908 ## - PUT COMMAND PARAMETER (RLIN)
Put command parameter 090122
950 ## - LOCAL HOLDINGS (RLIN)
-- 1
Holdings
Withdrawn status Lost status Source of classification or shelving scheme Not for loan Home library Current library Date acquired Total Checkouts Full call number Barcode Date last seen Date last checked out Price effective from Koha item type
    Library of Congress Classification   Kabarak, Main Campus Kabarak, Main Campus 17/12/2015 3 HA29 .S57 2006 c. 1 16272 02/08/2024 07/12/2019 17/12/2015 General Collection